Lion King Characters by picture - Statistics

General Stats
  • This quiz has been taken 21 times
  • The average score is 8 of 8
Answer Stats
Picture Answer % Correct
Mufasa
100%
Nala
100%
Pumba
100%
Scar
100%
Simba
100%
Rafiki
94%
Timon
88%
Zazu
76%
No matching quizzes found
Score Distribution
Percent of People with Each Score
Percentile by Number Answered
Your Score History
You have not taken this quiz